Con la horma de su zapato (Record no. 168021)

MARC details
000 -LEADER
campo de control de longitud fija 00812nam a22001815i 4500
001 - NÚMERO DE CONTROL
campo de control 168021
003 - IDENTIFICADOR DE NÚMERO DE CONTROL
campo de control ES-MaACL
005 - FECHA Y HORA DE LA ÚLTIMA TRANSACCIÓN
campo de control 20230906213645.0
008 - DATOS DE LONGITUD FIJA--INFORMACIÓN GENERAL
campo de control de longitud fija 020327s1865 sp |||| | spa d
040 ## - FUENTE DE CATALOGACIÓN
Centro catalogador/agencia de origen CAM
Lengua de catalogación spa
Centro/agencia transcriptor CAM
100 1# - ENTRADA PRINCIPAL--NOMBRE DE PERSONA
Nombre de persona Wrathny, Carlos.
9 (RLIN) 133968
245 10 - MENCIÓN DEL TÍTULO
Título Con la horma de su zapato
Resto del título : zarzuela original en tres actos /
Mención de responsabilidad, etc. letra y música de Carlos Wrathny.
260 ## - PUBLICACIÓN, DISTRIBUCIÓN, ETC.
Lugar de publicación, distribución, etc. Madrid :
Nombre del editor, distribuidor, etc. [s.n.],
Fecha de publicación, distribución, etc. 1865 (
Fabricante Imprenta de José Rodriguez)
300 ## - DESCRIPCIÓN FÍSICA
Extensión 84, [2] p. ;
Dimensiones 20 cm.
596 #1 - NOTA AL PIE DE IMPRENTA
NOTA AL PIE DE IMPRENTA En verso de la port. consta: "... Galeria dramática y lírica titulada El Teatro ..."
599 #1 - NOTA A LAS ILUSTRACIONES
NOTA A LAS ILUSTRACIONES Las [2] p. partitura con música para esta obra.
852 ## - LOCALIZACIÓN
Ubicación ES-MaACL
Número de control de estantería F-8568(12)
Nota libre -- Enc. pasta española
-- -- Enc. en un vol. facticio, formando parte de la col. facticia "Teatro español moderno", vol. 21
Holdings
Estatus retirado Estado de pérdida Estado de daño No para préstamo Colección Biblioteca de origen Biblioteca actual Ubicación en estantería Fecha de adquisición Total de préstamos Signatura topográfica completa Código de barras Visto por última vez Precio de reemplazo Tipo de ítem Koha
        Libros del s. XIX Biblioteca del Ateneo de Madrid Biblioteca del Ateneo de Madrid Sala Pecera Planta 2 17/01/2008   F-8568(21) 1176270 23/02/2023 23/02/2023 Libro impreso antiguo